| 000 | 00383 a2200145 4500 | ||
|---|---|---|---|
| 020 | _aN/S | ||
| 040 | _aULA-LD-MS | ||
| 082 | _a658.3 | ||
| 100 |
_91061 _aYAMBO, Nelson dos Santos Chissua |
||
| 245 | _aA Importancia da Comunicaė̳s na Organizaė̳s | ||
| 260 |
_aLuanda , _bUniversidade Lusiada _c2024. |
||
| 300 | _a82p | ||
| 650 | _aGestô de Recursos Humanos | ||
| 942 | _cTFC | ||
| 999 |
_c2238 _d2238 |
||